[Event "Bundesliga 9697"]
[Site "Deutschland"]
[Date "1996.??.??"]
[Round "?.8"]
[White "Pirrot, Dieter"]
[Black "Darnstaedt, Frank"]
[Result "1-0"]
[WhiteElo "2415"]
[BlackElo "2295"]
[PlyCount "33"]
[EventDate "1996.10.??"]
[EventType "team"]
[EventRounds "15"]
[EventCountry "GER"]
[SourceTitle "Bundesliga 9697"]
[Source "DeepChess"]
[SourceDate "2005.01.01"]
[SourceVersion "1"]
[SourceVersionDate "2005.01.01"]
[SourceQuality "1"]
[WhiteTeam "PSV Turm Duisburg 1920 e.V."]
[BlackTeam "USC Magdeburg"]
[WhiteTeamCountry "GER"]
[BlackTeamCountry "GER"]

1. e4 c5 2. c3 Nf6 3. e5 Nd5 4. d4 cxd4 5. Qxd4 e6 6. Nf3 Nc6 7. Qe4 d6 8. Bb5
Bd7 9. c4 Nb6 10. exd6 Bxd6 11. O-O Be7 12. Rd1 O-O 13. Nc3 Qc8 14. Be3 Nb4 15.
Bxb6 Bxb5 16. cxb5 f5 17. Qe2 1-0

[Event "Bundesliga 9697"]
[Site "Deutschland"]
[Date "1996.??.??"]
[Round "?.3"]
[White "Hennigan, Michael"]
[Black "Knaak, Rainer"]
[Result "0-1"]
[WhiteElo "2450"]
[BlackElo "2530"]
[PlyCount "80"]
[EventDate "1996.10.??"]
[EventType "team"]
[EventRounds "15"]
[EventCountry "GER"]
[SourceTitle "Bundesliga 9697"]
[Source "DeepChess"]
[SourceDate "2005.01.01"]
[SourceVersion "1"]
[SourceVersionDate "2005.01.01"]
[SourceQuality "1"]
[WhiteTeam "PSV/BSV Wuppertal 1921 e.V."]
[BlackTeam "SAbt SV Werder Bremen"]
[WhiteTeamCountry "GER"]
[BlackTeamCountry "GER"]

1. e4 e6 2. d4 d5 3. Nd2 c5 4. exd5 exd5 5. Ngf3 Nf6 6. Bb5+ Bd7 7. Qe2+ Be7 8.
dxc5 O-O 9. Nb3 Re8 10. Be3 a6 11. Bd3 Ba4 12. Nfd4 Nbd7 13. O-O-O Bxb3 14.
Nxb3 Nxc5 15. Qf3 Nxd3+ 16. Rxd3 a5 17. Nd4 a4 18. a3 Nd7 19. Bf4 Nc5 20. Re3
Bf6 21. Rxe8+ Qxe8 22. Qxd5 Rc8 23. Kb1 Ne4 24. f3 Nf2 25. Rf1 Rd8 26. Bd6 Qe3
27. Nb5 Qe2 28. Rc1 h6 29. Qxb7 Nd3 30. Nd4 Bxd4 31. cxd3 Rxd6 32. Qa8+ Kh7 33.
Qe4+ Qxe4 34. dxe4 Rb6 35. Rc2 Kg6 36. Rd2 Bc5 37. Kc2 Rd6 38. Re2 f6 39. Kc3
Rb6 40. Kc4 Bd6 0-1

[Event "Bundesliga 9697"]
[Site "Deutschland"]
[Date "1996.??.??"]
[Round "?.4"]
[White "Blatny, Pavel"]
[Black "Schebler, Gerhard"]
[Result "1/2-1/2"]
[WhiteElo "2490"]
[BlackElo "2425"]
[PlyCount "161"]
[EventDate "1996.10.??"]
[EventType "team"]
[EventRounds "15"]
[EventCountry "GER"]
[SourceTitle "Bundesliga 9697"]
[Source "DeepChess"]
[SourceDate "2005.01.01"]
[SourceVersion "1"]
[SourceVersionDate "2005.01.01"]
[SourceQuality "1"]
[WhiteTeam "SAbt SV Werder Bremen"]
[BlackTeam "PSV/BSV Wuppertal 1921 e.V."]
[WhiteTeamCountry "GER"]
[BlackTeamCountry "GER"]

1. Nf3 Nf6 2. c4 g6 3. b3 Bg7 4. Bb2 O-O 5. g3 c6 6. Bg2 d5 7. O-O b6 8. cxd5
cxd5 9. Na3 Nc6 10. Rc1 Bb7 11. Qc2 Rc8 12. Qb1 Qd7 13. Rfe1 Rfd8 14. b4 Ng4
15. h3 Bxb2 16. Qxb2 Nf6 17. b5 Nb8 18. Ne5 Qe6 19. Nc2 Qd6 20. f4 Rc5 21. Nd3
Rc7 22. Nd4 Rdc8 23. Rxc7 Rxc7 24. Ne5 Nfd7 25. Ng4 Nf6 26. Nh6+ Kf8 27. e3 Ng8
28. Ng4 Nd7 29. Nf3 f6 30. Rf1 Kg7 31. Nge5 Nc5 32. Ng4 Ne4 33. Kh2 h5 34. Nf2
Nxf2 35. Rxf2 Nh6 36. Bf1 Nf7 37. f5 gxf5 38. Nh4 Bc8 39. Rxf5 d4 40. exd4 Ng5
41. Bg2 Rc4 42. Rd5 Qc7 43. Qb1 Rc2 44. Rc5 Rxc5 45. Qg6+ Kf8 46. dxc5 Qxc5 47.
Qxh5 Be6 48. Ng6+ Kg7 49. h4 Ne4 50. Qxc5 Nxc5 51. Nxe7 Bxa2 52. d4 Ne6 53. d5
Nc5 54. Nc8 Bc4 55. Nxa7 Nb7 56. Nc8 Bxb5 57. d6 Nc5 58. Nxb6 f5 59. Bh3 Kf6
60. Nd5+ Ke5 61. h5 Ne4 62. Bf1 Nxd6 63. Bxb5 Kxd5 64. h6 Nf7 65. h7 Ke5 66.
Be8 Nh8 67. Kh3 Kf6 68. Kh4 Ke7 69. Bb5 Kf6 70. Bd7 Kg7 71. Be8 Kxh7 72. Kg5
Kg7 73. Kxf5 Kf8 74. Bh5 Kg7 75. Kg5 Kh7 76. Be8 Kg7 77. g4 Kh7 78. Kf6 Kg8 79.
Bg6 Kf8 80. Bh5 Nf7 81. Ke6 1/2-1/2

[Event "Bundesliga 9697"]
[Site "Deutschland"]
[Date "1996.??.??"]
[Round "?.5"]
[White "Hausrath, Daniel"]
[Black "Meins, Gerlef"]
[Result "1-0"]
[WhiteElo "2440"]
[BlackElo "2465"]
[PlyCount "115"]
[EventDate "1996.10.??"]
[EventType "team"]
[EventRounds "15"]
[EventCountry "GER"]
[SourceTitle "Bundesliga 9697"]
[Source "DeepChess"]
[SourceDate "2005.01.01"]
[SourceVersion "1"]
[SourceVersionDate "2005.01.01"]
[SourceQuality "1"]
[WhiteTeam "PSV/BSV Wuppertal 1921 e.V."]
[BlackTeam "SAbt SV Werder Bremen"]
[WhiteTeamCountry "GER"]
[BlackTeamCountry "GER"]

1. d4 d5 2. Nc3 Bf5 3. f3 Nf6 4. Bg5 c6 5. Bxf6 exf6 6. e4 dxe4 7. fxe4 Bg6 8.
Nf3 Bb4 9. Bd3 O-O 10. O-O Re8 11. e5 Nd7 12. Bxg6 hxg6 13. exf6 Nxf6 14. Qd3
Qa5 15. Ne5 Bd6 16. Nf3 Bb4 17. Ne5 Bd6 18. Nf3 Qh5 19. Rae1 Ng4 20. h3 Nf6 21.
Ne4 Nxe4 22. Rxe4 Qd5 23. Rfe1 Rxe4 24. Qxe4 Qxe4 25. Rxe4 f6 26. Kf2 Kf7 27.
c4 Rd8 28. Re2 Bc7 29. Ke3 g5 30. Kd3 Bf4 31. b4 f5 32. a4 a6 33. c5 Kf6 34.
Kc4 g4 35. hxg4 fxg4 36. Ne1 Kf5 37. Re7 Bd2 38. Nd3 g5 39. Re5+ Kf6 40. Nf2
Kg6 41. Nxg4 Bxb4 42. Re2 a5 43. Ne5+ Kf5 44. Nf7 Rd7 45. Re5+ Kf4 46. Nxg5 Bd2
47. Ne4 Bc1 48. Nd6 Kg3 49. Re2 Kg4 50. Re8 Bf4 51. Rg8+ Kh5 52. Nf5 Bg5 53.
Kd3 Kg4 54. Ke4 Rh7 55. Ne3+ Kh5 56. Nc4 Re7+ 57. Ne5 Rh7 58. g4+ 1-0

[Event "Bundesliga 9697"]
[Site "Deutschland"]
[Date "1996.??.??"]
[Round "?.6"]
[White "Heissler, Jakob"]
[Black "Hetey, Laszlo"]
[Result "1/2-1/2"]
[WhiteElo "2430"]
[BlackElo "2410"]
[PlyCount "81"]
[EventDate "1996.10.??"]
[EventType "team"]
[EventRounds "15"]
[EventCountry "GER"]
[SourceTitle "Bundesliga 9697"]
[Source "DeepChess"]
[SourceDate "2005.01.01"]
[SourceVersion "1"]
[SourceVersionDate "2005.01.01"]
[SourceQuality "1"]
[WhiteTeam "SAbt SV Werder Bremen"]
[BlackTeam "PSV/BSV Wuppertal 1921 e.V."]
[WhiteTeamCountry "GER"]
[BlackTeamCountry "GER"]

1. Nf3 d5 2. c4 c6 3. Qc2 Nf6 4. g3 Bg4 5. Bg2 Nbd7 6. d3 dxc4 7. dxc4 e5 8.
O-O Bc5 9. Nc3 O-O 10. Ng5 h6 11. Nge4 Be7 12. Rd1 Qc7 13. Nxf6+ Nxf6 14. b3
Rad8 15. Be3 Qb8 16. Rxd8 Rxd8 17. Rd1 Rxd1+ 18. Nxd1 Be6 19. h3 a6 20. Kh2 Nd7
21. Nc3 Qd8 22. Be4 Bc5 23. Qd2 Bxe3 24. Qxe3 Qa5 25. Bc2 Qc5 26. Qxc5 Nxc5 27.
b4 Nd7 28. c5 a5 29. a3 Kf8 30. g4 Ke7 31. Kg3 Bc4 32. e3 axb4 33. axb4 b6 34.
cxb6 Nxb6 35. f4 exf4+ 36. exf4 Nd5 37. Nxd5+ Bxd5 38. h4 Kd6 39. Kf2 Bc4 40.
Ke3 c5 41. bxc5+ 1/2-1/2

[Event "Bundesliga 9697"]
[Site "Deutschland"]
[Date "1996.??.??"]
[Round "?.8"]
[White "Meyer, Claus Dieter"]
[Black "Sukharisingh, Ralf"]
[Result "1/2-1/2"]
[WhiteElo "2320"]
[BlackElo "2400"]
[PlyCount "108"]
[EventDate "1996.10.??"]
[EventType "team"]
[EventRounds "15"]
[EventCountry "GER"]
[SourceTitle "Bundesliga 9697"]
[Source "DeepChess"]
[SourceDate "2005.01.01"]
[SourceVersion "1"]
[SourceVersionDate "2005.01.01"]
[SourceQuality "1"]
[WhiteTeam "SAbt SV Werder Bremen"]
[BlackTeam "PSV/BSV Wuppertal 1921 e.V."]
[WhiteTeamCountry "GER"]
[BlackTeamCountry "GER"]

1. e4 c5 2. Nf3 Nc6 3. Bb5 g6 4. O-O Bg7 5. Re1 Nf6 6. c3 O-O 7. h3 e5 8. d3 d6
9. Nbd2 Ne8 10. Bxc6 bxc6 11. Nc4 f5 12. a3 Ba6 13. Ne3 Nc7 14. b4 d5 15. bxc5
Bxd3 16. exf5 Bxf5 17. Nxf5 Rxf5 18. g4 Rf8 19. Bg5 Bf6 20. Bh6 Re8 21. Rb1 Nb5
22. Rb3 e4 23. Nd4 Nxd4 24. cxd4 Bg5 25. Bxg5 Qxg5 26. Qc1 Qf6 27. Qe3 Rf8 28.
Rb7 Qh4 29. Qg3 Qxg3+ 30. fxg3 Rf3 31. Rf1 Raf8 32. Rxf3 Rxf3 33. Rxa7 Rxg3+
34. Kf2 Rd3 35. Ra6 Rxd4 36. Rxc6 Rd3 37. Rd6 d4 38. c6 Rd2+ 39. Ke1 Rc2 40.
Rxd4 Rxc6 41. Kd2 Rf6 42. Rxe4 Rf2+ 43. Re2 Rf4 44. Re3 h5 45. gxh5 gxh5 46.
Kc3 Kf7 47. Kb3 Rf1 48. a4 Kf6 49. Kb4 Kg5 50. a5 Rf4+ 51. Kb3 Rf5 52. a6 Ra5
53. Re6 Kh4 54. Kb4 Ra1 1/2-1/2

[Event "Bundesliga 9697"]
[Site "Deutschland"]
[Date "1997.??.??"]
[Round "?.2"]
[White "Bauer, Christian"]
[Black "Emms, John M"]
[Result "1-0"]
[WhiteElo "2505"]
[BlackElo "2535"]
[PlyCount "119"]
[EventDate "1996.10.??"]
[EventType "team"]
[EventRounds "15"]
[EventCountry "GER"]
[SourceTitle "Bundesliga 9697"]
[Source "DeepChess"]
[SourceDate "2005.01.01"]
[SourceVersion "1"]
[SourceVersionDate "2005.01.01"]
[SourceQuality "1"]
[WhiteTeam "SC Anderssen St.Ingbert 1920 e.V."]
[BlackTeam "PSV/BSV Wuppertal 1921 e.V."]
[WhiteTeamCountry "GER"]
[BlackTeamCountry "GER"]

1. e4 c5 2. Nf3 e6 3. d4 cxd4 4. Nxd4 Nc6 5. Nxc6 bxc6 6. Nd2 d6 7. Bd3 Nf6 8.
O-O Be7 9. Qe2 Nd7 10. b3 O-O 11. Bb2 Bf6 12. Bxf6 Qxf6 13. Rad1 e5 14. Rfe1
Rd8 15. Qe3 Nc5 16. Bf1 Qe7 17. Nc4 Nb7 18. Rd2 Be6 19. Red1 f6 20. Qf3 d5 21.
exd5 cxd5 22. Ne3 d4 23. Nc4 Nc5 24. Re1 Bd5 25. Qh3 Ne6 26. Qg3 Qb7 27. Qg4
Rac8 28. h4 Qd7 29. Rdd1 h6 30. c3 dxc3 31. Rc1 Nd4 32. Qxd7 Rxd7 33. Rxc3 Rdc7
34. Rcc1 g5 35. hxg5 hxg5 36. Bd3 Kg7 37. Kh2 Rh8+ 38. Kg3 Rh4 39. Ne3 Bc6 40.
f3 Rd7 41. Rxc6 Nxc6 42. Bb5 Rc7 43. Rc1 Rh8 44. Rxc6 Rxc6 45. Bxc6 Rd8 46. Bd5
Rc8 47. Kf2 Rc1 48. a4 Rb1 49. Nf5+ Kf8 50. g4 Ke8 51. Ke2 Kd7 52. Kd2 Rg1 53.
Kc3 Kc7 54. Kb4 Rd1 55. Be4 Re1 56. Ka5 Re2 57. b4 Rb2 58. b5 Ra2 59. Ne7 Rd2
60. Nc6 1-0

[Event "Bundesliga 9697"]
[Site "Deutschland"]
[Date "1997.??.??"]
[Round "?.3"]
[White "Schebler, Gerhard"]
[Black "Kohlweyer, Bernd"]
[Result "0-1"]
[WhiteElo "2435"]
[BlackElo "2420"]
[PlyCount "92"]
[EventDate "1996.10.??"]
[EventType "team"]
[EventRounds "15"]
[EventCountry "GER"]
[SourceTitle "Bundesliga 9697"]
[Source "DeepChess"]
[SourceDate "2005.01.01"]
[SourceVersion "1"]
[SourceVersionDate "2005.01.01"]
[SourceQuality "1"]
[WhiteTeam "PSV/BSV Wuppertal 1921 e.V."]
[BlackTeam "SC Anderssen St.Ingbert 1920 e.V."]
[WhiteTeamCountry "GER"]
[BlackTeamCountry "GER"]

1. d4 Nf6 2. Nf3 e6 3. g3 c5 4. Bg2 Nc6 5. O-O Qb6 6. e3 d5 7. b3 cxd4 8. exd4
Be7 9. Bb2 O-O 10. Nbd2 Rd8 11. Re1 Bd7 12. c4 dxc4 13. Nxc4 Qa6 14. a4 Rac8
15. Bf1 Na5 16. Nfe5 Be8 17. Bc3 Nxc4 18. bxc4 Qd6 19. Qb3 Qc7 20. Rab1 Rb8 21.
Qb2 b6 22. Qa1 a6 23. Bg2 Rdc8 24. Rbc1 Qd6 25. Re2 Bf8 26. Rd1 Qc7 27. Bb2 b5
28. axb5 axb5 29. c5 Rd8 30. Bc3 b4 31. Bb2 Bb5 32. Ree1 Nd5 33. Qb1 g6 34. Bh3
Bg7 35. Qe4 Bxe5 36. Qxe5 Qxe5 37. dxe5 Rbc8 38. Bd4 Nc3 39. Bxc3 Rxd1 40. Rxd1
bxc3 41. Bf1 Bxf1 42. Kxf1 g5 43. Ke2 Rxc5 44. Kf3 Kg7 45. Ke4 g4 46. Kf4 h5
0-1

[Event "Bundesliga 9697"]
[Site "Deutschland"]
[Date "1997.??.??"]
[Round "?.5"]
[White "Kinsman, Andrew PH"]
[Black "Werner, Dimo"]
[Result "1/2-1/2"]
[WhiteElo "2395"]
[BlackElo "2385"]
[PlyCount "47"]
[EventDate "1996.10.??"]
[EventType "team"]
[EventRounds "15"]
[EventCountry "GER"]
[SourceTitle "Bundesliga 9697"]
[Source "DeepChess"]
[SourceDate "2005.01.01"]
[SourceVersion "1"]
[SourceVersionDate "2005.01.01"]
[SourceQuality "1"]
[WhiteTeam "PSV/BSV Wuppertal 1921 e.V."]
[BlackTeam "SC Anderssen St.Ingbert 1920 e.V."]
[WhiteTeamCountry "GER"]
[BlackTeamCountry "GER"]

1. d4 Nf6 2. Bg5 e6 3. e4 d5 4. e5 h6 5. Be3 Nfd7 6. f4 c5 7. c3 Nc6 8. Nf3
cxd4 9. cxd4 Nb6 10. Nc3 Bd7 11. Bd3 Nb4 12. Bb1 Nc4 13. Bc1 Qa5 14. O-O b5 15.
g4 Nc6 16. f5 b4 17. Ne2 O-O-O 18. Nf4 Kb8 19. Kg2 Be7 20. Bd3 Qb6 21. fxe6
Bxe6 22. Bf5 Bg5 23. b3 Bxf4 24. Bxf4 1/2-1/2

[Event "Bundesliga 9697"]
[Site "Deutschland"]
[Date "1997.??.??"]
[Round "?.6"]
[White "Gross, Georg"]
[Black "Sukharisingh, Ralf"]
[Result "1-0"]
[WhiteElo "2340"]
[BlackElo "2375"]
[PlyCount "169"]
[EventDate "1996.10.??"]
[EventType "team"]
[EventRounds "15"]
[EventCountry "GER"]
[SourceTitle "Bundesliga 9697"]
[Source "DeepChess"]
[SourceDate "2005.01.01"]
[SourceVersion "1"]
[SourceVersionDate "2005.01.01"]
[SourceQuality "1"]
[WhiteTeam "SC Anderssen St.Ingbert 1920 e.V."]
[BlackTeam "PSV/BSV Wuppertal 1921 e.V."]
[WhiteTeamCountry "GER"]
[BlackTeamCountry "GER"]

1. d4 Nf6 2. Nf3 g6 3. g3 Bg7 4. Bg2 O-O 5. O-O d6 6. c4 Nc6 7. d5 Na5 8. Nfd2
c5 9. a3 Qc7 10. Qc2 b6 11. b4 Nb7 12. Bb2 Bd7 13. Nc3 cxb4 14. axb4 a5 15.
Nce4 Nxe4 16. Bxe4 axb4 17. Bxg7 Kxg7 18. Qb2+ Kg8 19. Qxb4 Nc5 20. Bg2 Ra5 21.
Nf3 Rfa8 22. Rab1 R8a6 23. Nd4 Ra4 24. Qc3 Nb7 25. Rfc1 Na5 26. Qe3 Qd8 27. Qd3
Ra8 28. Nc6 Bxc6 29. dxc6 Qc7 30. Qd5 Rc8 31. Qb5 Ra2 32. Qxb6 Nxc6 33. Qe3 Nd8
34. h4 Ra5 35. Bf3 h5 36. Rb4 Qc5 37. Qd2 Ne6 38. Rb7 Ra7 39. Rxa7 Qxa7 40. Bd5
Qd4 41. Qh6 Qg7 42. Qe3 Qf6 43. Rb1 Nc5 44. Kg2 Kg7 45. Rb5 Rc7 46. Qa3 Qd4 47.
Rb8 Nd7 48. Rd8 Nf6 49. e3 Qa7 50. Qb2 Qc5 51. Ra8 Rc8 52. Ra4 Kg8 53. Bf3 Nd7
54. Qb7 Rc7 55. Ra8+ Kg7 56. Qb2+ Qe5 57. Qb5 Qc5 58. Rd8 Nf6 59. Qb8 Qa7 60.
Qb2 Qc5 61. Qb8 Qa7 62. Qb2 Rxc4 63. Ra8 Qc7 64. Qb8 Qxb8 65. Rxb8 d5 66. Rb5
e6 67. Ra5 Nd7 68. Ra7 Ne5 69. Ra2 Kf6 70. Rd2 Rc1 71. Be2 Kf5 72. Ra2 Rc3 73.
Rd2 Nc6 74. Bd3+ Ke5 75. Be2 Kd6 76. Bf3 Kc5 77. g4 hxg4 78. Bxg4 e5 79. h5
gxh5 80. Bxh5 f6 81. Bf3 Nb4 82. Re2 Rc1 83. Bg4 Nd3 84. Ra2 Rc2 85. Rxc2+ 1-0

[Event "Bundesliga 9697"]
[Site "Deutschland"]
[Date "1997.??.??"]
[Round "?.7"]
[White "Kern, Guido"]
[Black "Becker, Marc"]
[Result "1/2-1/2"]
[WhiteElo "2410"]
[BlackElo "2415"]
[PlyCount "47"]
[EventDate "1996.10.??"]
[EventType "team"]
[EventRounds "15"]
[EventCountry "GER"]
[SourceTitle "Bundesliga 9697"]
[Source "DeepChess"]
[SourceDate "2005.01.01"]
[SourceVersion "1"]
[SourceVersionDate "2005.01.01"]
[SourceQuality "1"]
[WhiteTeam "PSV/BSV Wuppertal 1921 e.V."]
[BlackTeam "SC Anderssen St.Ingbert 1920 e.V."]
[WhiteTeamCountry "GER"]
[BlackTeamCountry "GER"]

1. c4 c5 2. Nf3 Nf6 3. g3 b6 4. Bg2 Bb7 5. Nc3 e6 6. O-O d6 7. b3 Nbd7 8. Bb2
a6 9. d4 cxd4 10. Nxd4 Bxg2 11. Kxg2 Qc7 12. e3 Be7 13. f4 g6 14. Qf3 Rc8 15.
Rac1 O-O 16. Rfd1 Rfd8 17. Rd2 Bf8 18. Rcd1 Re8 19. Nde2 Qc6 20. Qxc6 Rxc6 21.
Kf3 Rb8 22. g4 Rcc8 23. g5 Ne8 24. Nd4 1/2-1/2

[Event "Bundesliga 9697"]
[Site "Deutschland"]
[Date "1997.??.??"]
[Round "?.8"]
[White "Kummerow, Heiko"]
[Black "Kistella, Roman"]
[Result "0-1"]
[WhiteElo "2280"]
[BlackElo "2275"]
[PlyCount "58"]
[EventDate "1996.10.??"]
[EventType "team"]
[EventRounds "15"]
[EventCountry "GER"]
[SourceTitle "Bundesliga 9697"]
[Source "DeepChess"]
[SourceDate "2005.01.01"]
[SourceVersion "1"]
[SourceVersionDate "2005.01.01"]
[SourceQuality "1"]
[WhiteTeam "SC Anderssen St.Ingbert 1920 e.V."]
[BlackTeam "PSV/BSV Wuppertal 1921 e.V."]
[WhiteTeamCountry "GER"]
[BlackTeamCountry "GER"]

1. e4 c5 2. Nf3 d6 3. d4 cxd4 4. Nxd4 Nf6 5. Nc3 Nc6 6. Bg5 e6 7. Qd2 a6 8.
O-O-O h6 9. Be3 Nxd4 10. Bxd4 b5 11. f3 Be7 12. Kb1 Qa5 13. a3 Rb8 14. g4 e5
15. Be3 Be6 16. h4 b4 17. Na2 d5 18. Ba7 Rb7 19. axb4 Bxb4 20. Nxb4 Rxb4 21.
exd5 Bxd5 22. Qc3 O-O 23. Bc5 Qa2+ 24. Kc1 Bxf3 25. Bd3 Rxg4 26. Bxf8 Qa1+ 27.
Kd2 Rg2+ 28. Ke3 Bxd1 29. Qc8 Qc1# 0-1

[Event "Bundesliga 9697"]
[Site "Deutschland"]
[Date "1997.??.??"]
[Round "?.1"]
[White "Gyimesi, Zoltan"]
[Black "Conquest, Stuart"]
[Result "1-0"]
[WhiteElo "2500"]
[BlackElo "2540"]
[PlyCount "111"]
[EventDate "1996.10.??"]
[EventType "team"]
[EventRounds "15"]
[EventCountry "GER"]
[SourceTitle "Bundesliga 9697"]
[Source "DeepChess"]
[SourceDate "2005.01.01"]
[SourceVersion "1"]
[SourceVersionDate "2005.01.01"]
[SourceQuality "1"]
[WhiteTeam "SC Eppingen e.V."]
[BlackTeam "PSV/BSV Wuppertal 1921 e.V."]
[WhiteTeamCountry "GER"]
[BlackTeamCountry "GER"]

1. d4 Nf6 2. c4 e6 3. Nf3 Bb4+ 4. Bd2 Qe7 5. Nc3 b6 6. g3 Bb7 7. Bg2 O-O 8. O-O
d6 9. Qc2 Nbd7 10. Rad1 c5 11. d5 Rad8 12. e4 Ba6 13. b3 Bxc3 14. Bxc3 b5 15.
dxe6 fxe6 16. e5 dxe5 17. Bxe5 Nxe5 18. Nxe5 Qc7 19. Nc6 Rxd1 20. Rxd1 bxc4 21.
bxc4 Bb7 22. Qe2 Re8 23. Qe5 Qxe5 24. Nxe5 Bxg2 25. Kxg2 Rb8 26. Rd6 h5 27. Nd3
Rb6 28. Rd8+ Kh7 29. Nxc5 Rc6 30. Nd7 Rxc4 31. Nxf6+ gxf6 32. Rd7+ Kg6 33. Rxa7
h4 34. a4 hxg3 35. hxg3 Kf5 36. Ra8 e5 37. a5 Ra4 38. a6 Ra3 39. a7 Ra4 40. f3
Ra2+ 41. Kh3 Ra1 42. g4+ Kf4 43. Rf8 Rxa7 44. Rxf6+ Ke3 45. g5 Ra1 46. g6 Rg1
47. Kh4 e4 48. fxe4 Kxe4 49. Kh5 Ke5 50. Rf2 Ke6 51. Kh6 Ke7 52. Kh7 Rh1+ 53.
Kg8 Rg1 54. g7 Ra1 55. Rh2 Kf6 56. Kh8 1-0

[Event "Bundesliga 9697"]
[Site "Deutschland"]
[Date "1997.??.??"]
[Round "?.3"]
[White "Arnold, Lothar"]
[Black "Schebler, Gerhard"]
[Result "1-0"]
[WhiteElo "2375"]
[BlackElo "2435"]
[PlyCount "71"]
[EventDate "1996.10.??"]
[EventType "team"]
[EventRounds "15"]
[EventCountry "GER"]
[SourceTitle "Bundesliga 9697"]
[Source "DeepChess"]
[SourceDate "2005.01.01"]
[SourceVersion "1"]
[SourceVersionDate "2005.01.01"]
[SourceQuality "1"]
[WhiteTeam "SC Eppingen e.V."]
[BlackTeam "PSV/BSV Wuppertal 1921 e.V."]
[WhiteTeamCountry "GER"]
[BlackTeamCountry "GER"]

1. e4 c5 2. Nf3 Nc6 3. d4 cxd4 4. Nxd4 Nf6 5. Nc3 e5 6. Ndb5 d6 7. Bg5 a6 8.
Na3 Be6 9. Nc4 Rc8 10. Bxf6 Qxf6 11. Nb6 Rb8 12. Ncd5 Qd8 13. Bd3 g6 14. O-O
Bh6 15. a4 O-O 16. c3 Kh8 17. Bc2 Rg8 18. Qf3 Bg5 19. Rad1 f5 20. Qh3 Rf8 21.
Kh1 Rf7 22. b4 a5 23. b5 Na7 24. Bb3 Nc8 25. Nc4 Qe8 26. Qg3 Bf4 27. Nxf4 exf4
28. Qxf4 Bxc4 29. Bxc4 Re7 30. f3 Re5 31. Bb3 b6 32. exf5 Rxf5 33. Qd4+ Qe5 34.
Rfe1 Qxd4 35. Re8+ Kg7 36. Rg8+ 1-0

[Event "Bundesliga 9697"]
[Site "Deutschland"]
[Date "1997.??.??"]
[Round "?.4"]
[White "Hausrath, Daniel"]
[Black "Miltner, Arndt"]
[Result "1-0"]
[WhiteElo "2425"]
[BlackElo "2375"]
[PlyCount "99"]
[EventDate "1996.10.??"]
[EventType "team"]
[EventRounds "15"]
[EventCountry "GER"]
[SourceTitle "Bundesliga 9697"]
[Source "DeepChess"]
[SourceDate "2005.01.01"]
[SourceVersion "1"]
[SourceVersionDate "2005.01.01"]
[SourceQuality "1"]
[WhiteTeam "PSV/BSV Wuppertal 1921 e.V."]
[BlackTeam "SC Eppingen e.V."]
[WhiteTeamCountry "GER"]
[BlackTeamCountry "GER"]

1. d4 d5 2. c4 c6 3. Nc3 dxc4 4. e4 b5 5. a4 e5 6. Nf3 exd4 7. Qxd4 Qxd4 8.
Nxd4 b4 9. Nd1 Ba6 10. Be3 Nf6 11. f3 Nfd7 12. Rc1 Ne5 13. Nf2 c3 14. bxc3 bxc3
15. Bxa6 Nxa6 16. Ke2 Bb4 17. Nf5 g6 18. Bd4 f6 19. Ne3 Rb8 20. Bxa7 Rd8 21.
Rhd1 Rd2+ 22. Rxd2 cxd2 23. Rb1 O-O 24. Bd4 c5 25. Bxe5 fxe5 26. Nd3 Ra8 27.
Nd5 Nb8 28. N3xb4 cxb4 29. Rxb4 Nc6 30. Rc4 Nd4+ 31. Kxd2 h5 32. f4 h4 33. fxe5
h3 34. gxh3 Nf3+ 35. Ke3 Nxe5 36. Rb4 Rf8 37. Rb7 Rf3+ 38. Kd4 Nc6+ 39. Kc5 Ne5
40. a5 Ra3 41. Ra7 Rxh3 42. Kd6 Nf7+ 43. Ke6 Ng5+ 44. Kf6 Nh7+ 45. Kxg6 Nf8+
46. Kf5 Rh5+ 47. Kg4 Rxh2 48. Nf6+ Kh8 49. a6 Ra2 50. e5 1-0

[Event "Bundesliga 9697"]
[Site "Deutschland"]
[Date "1997.??.??"]
[Round "?.5"]
[White "Schneider, Bernd2"]
[Black "Hetey, Laszlo"]
[Result "1/2-1/2"]
[WhiteElo "2245"]
[BlackElo "2370"]
[PlyCount "100"]
[EventDate "1996.10.??"]
[EventType "team"]
[EventRounds "15"]
[EventCountry "GER"]
[SourceTitle "Bundesliga 9697"]
[Source "DeepChess"]
[SourceDate "2005.01.01"]
[SourceVersion "1"]
[SourceVersionDate "2005.01.01"]
[SourceQuality "1"]
[WhiteTeam "SC Eppingen e.V."]
[BlackTeam "PSV/BSV Wuppertal 1921 e.V."]
[WhiteTeamCountry "GER"]
[BlackTeamCountry "GER"]

1. d4 Nf6 2. Nf3 g6 3. g3 Bg7 4. Bg2 O-O 5. O-O d6 6. c4 Nbd7 7. Nc3 e5 8. d5
a5 9. Ne1 Nb6 10. b3 Nfd7 11. Nc2 f5 12. Bb2 a4 13. Na3 h5 14. b4 h4 15. f4
hxg3 16. hxg3 exf4 17. gxf4 Re8 18. Qd2 Nf6 19. Rf3 Ng4 20. Rh3 Qe7 21. e3 Nd7
22. Re1 Ndf6 23. Nab5 Nh5 24. Re2 Bf6 25. a3 Qg7 26. c5 dxc5 27. bxc5 Rd8 28.
Qd3 Ra6 29. Qc4 Kh7 30. e4 c6 31. Nd6 cxd5 32. exd5 Ra5 33. Nd1 Qc7 34. Ne8
Rxe8 35. Rxe8 Rxc5 36. Qe2 Rc2 37. Bxf6 Qc5+ 38. Kh1 Ngxf6 39. Qe7+ Qxe7 40.
Rxe7+ Kh6 41. Ne3 Rc1+ 42. Bf1 g5 43. fxg5+ Kxg5 44. Rf3 f4 45. Re5+ Kh4 46.
Ng2+ Kg4 47. Rf2 f3 48. Ne1 Ng3+ 49. Kh2 Nxf1+ 50. Rxf1 Rd1 1/2-1/2

[Event "Bundesliga 9697"]
[Site "Deutschland"]
[Date "1997.??.??"]
[Round "?.6"]
[White "Kinsman, Andrew PH"]
[Black "Bosbach, Gerhard"]
[Result "1-0"]
[WhiteElo "2395"]
[BlackElo "2265"]
[PlyCount "79"]
[EventDate "1996.10.??"]
[EventType "team"]
[EventRounds "15"]
[EventCountry "GER"]
[SourceTitle "Bundesliga 9697"]
[Source "DeepChess"]
[SourceDate "2005.01.01"]
[SourceVersion "1"]
[SourceVersionDate "2005.01.01"]
[SourceQuality "1"]
[WhiteTeam "PSV/BSV Wuppertal 1921 e.V."]
[BlackTeam "SC Eppingen e.V."]
[WhiteTeamCountry "GER"]
[BlackTeamCountry "GER"]

1. d4 d5 2. c4 e6 3. Nf3 Nf6 4. g3 c6 5. Bg2 Nbd7 6. Qc2 Bb4+ 7. Nbd2 O-O 8.
O-O Re8 9. b3 Qe7 10. Bb2 Ba3 11. Rfe1 Bxb2 12. Qxb2 c5 13. e4 dxe4 14. Nxe4
Nxe4 15. Rxe4 Rb8 16. dxc5 Nxc5 17. Re3 Rd8 18. Qa3 a6 19. b4 Nd7 20. Rd1 Nf8
21. Rxd8 Qxd8 22. Qd3 Qxd3 23. Rxd3 Bd7 24. Ne5 Be8 25. Rd6 f6 26. Nd3 b6 27.
Bc6 Kf7 28. c5 bxc5 29. bxc5 a5 30. Bxe8+ Rxe8 31. Kf1 Ra8 32. a4 Ra7 33. Ke2
e5 34. Ke3 Ne6 35. Ke4 Rc7 36. c6 Nd4 37. Kd5 Nc2 38. Nb2 Nb4+ 39. Kc5 Ke7 40.
Nc4 1-0